Loading...
| Mythology | 0 | 5 | 0 | 1 | 50 | 55 | 89.60 | 1 | 2 | 0.00 | 0.00 |
| Literature - World | 0 | 4 | 0 | 0 | 40 | 47 | 72.25 | 0 | 3 | 0.00 | 0.00 |
| Literature - British | 0 | 4 | 0 | 0 | 40 | 59 | 84.25 | 0 | 1 | 0.00 | 0.00 |
| Fine Arts - Classical Music | 0 | 4 | 1 | 1 | 35 | 65 | 80.50 | 1 | 3 | 0.00 | 0.00 |
| Literature - European | 0 | 4 | 1 | 1 | 35 | 36 | 80.00 | 0 | 1 | 0.00 | 0.00 |
| Fine Arts - Other | 0 | 4 | 1 | 0 | 35 | 17 | 68.50 | 1 | 2 | 0.00 | 0.00 |
| Religion | 0 | 3 | 0 | 2 | 30 | 64 | 82.33 | 0 | 0 | 0.00 | 0.00 |
| History - European | 0 | 2 | 0 | 0 | 20 | 58 | 76.50 | 0 | 0 | 0.00 | 0.00 |
| Pop Culture | 0 | 2 | 0 | 0 | 20 | 49 | 55.00 | 0 | 1 | 0.00 | 0.00 |
| Current Events | 0 | 2 | 1 | 0 | 15 | 35 | 49.50 | 1 | 1 | 0.00 | 0.00 |
| History - Other | 0 | 2 | 1 | 0 | 15 | 77 | 89.50 | 0 | 0 | 0.00 | 0.00 |
| History - World | 0 | 2 | 1 | 0 | 15 | 46 | 62.50 | 0 | 0 | 0.00 | 0.00 |
| Literature - American | 0 | 2 | 1 | 0 | 15 | 74 | 77.00 | 0 | 0 | 0.00 | 0.00 |
| History - American | 0 | 1 | 0 | 0 | 10 | 49 | 49.00 | 0 | 0 | 0.00 | 0.00 |
| Science - Chemistry | 0 | 1 | 0 | 0 | 10 | 80 | 80.00 | 0 | 0 | 0.00 | 0.00 |
| Philosophy | 0 | 1 | 1 | 0 | 5 | 58 | 58.00 | 1 | 1 | 0.00 | 0.00 |
| Science - Physics | 0 | 1 | 1 | 0 | 5 | 98 | 98.00 | 0 | 0 | 0.00 | 0.00 |
| Painting/Sculpture | 0 | 1 | 3 | 0 | -5 | 87 | 87.00 | 0 | 0 | 0.00 | 0.00 |
| Geography | 0 | 0 | 1 | 0 | -5 | 0.00 | 0 | 0 | 0.00 | 0.00 |